| Tag |
First Indicator |
Second Indicator |
Subfields |
| LEADER |
00000pam a2200000 a 4500 |
| 001 |
in00000555621 |
| 005 |
20151014052916.0 |
| 008 |
840517s1985 nyua b 00110 eng |
| 010 |
|
|
|a 84012210
|
| 020 |
|
|
|a 0070199027 :
|c $29.95
|
| 035 |
|
|
|a (OCoLC)10799187
|
| 035 |
|
|
|9 ACK0717AM
|
| 039 |
0 |
|
|a 2
|b 3
|c 3
|d 3
|e 3
|
| 040 |
|
|
|a DLC
|c DLC
|d TXA
|d UtOrBLW
|
| 049 |
|
|
|a TXAM
|c [A08984116]
|
| 050 |
0 |
0 |
|a QA76.6
|b .F35 1985
|
| 082 |
0 |
|
|a 001.64/2
|2 19
|
| 100 |
1 |
|
|a Fairley, R. E.
|q (Richard E.),
|d 1937-
|
| 245 |
1 |
0 |
|a Software engineering concepts /
|c Richard E. Fairley.
|
| 264 |
|
1 |
|a New York :
|b McGraw-Hill,
|c [1985]
|
| 264 |
|
4 |
|c ©1985
|
| 300 |
|
|
|a xv, 364 pages :
|b illustrations ;
|c 24 cm.
|
| 336 |
|
|
|a text
|b txt
|2 rdacontent
|
| 337 |
|
|
|a unmediated
|b n
|2 rdamedia
|
| 338 |
|
|
|a volume
|b nc
|2 rdacarrier
|
| 490 |
1 |
|
|a McGraw-Hill series in software engineering and technology
|
| 504 |
|
|
|a Includes bibliographies and indexes.
|
| 650 |
|
0 |
|a Computer programming.
|
| 650 |
|
0 |
|a Computer programs.
|
| 830 |
|
0 |
|a McGraw-Hill software engineering series.
|
| 999 |
|
|
|a MARS
|
| 999 |
f |
f |
|s a093bf97-f475-3e42-b04a-b492b655c10f
|i 2b0d655e-855c-3650-8f33-69b6417c302a
|t 0
|
| 952 |
f |
f |
|p ric
|a Texas A&M University
|b Rellis Campus
|c Joint Library Facility
|d Remote Storage
|t 0
|e QA76.6 .F35 1985
|h Library of Congress classification
|i unmediated -- volume
|m A14808984116
|
| 998 |
f |
f |
|a QA76.6 .F35 1985
|t 0
|l Remote Storage
|